000
00337nam a22001457a 4500
008
210602b ||||| |||| 00| 0 eng d
020
_a
0927364050
041
_a
eng
080
_2
2nd
_a
33
082
_a
33
100
_a
58
101
_a
BIZ
245
_a
Information Tools for Industry
_c
Southren Technology Council
942
_2
udc
_c
BK
999
_c
57883
_d
57883